| 000 | 00360nam a2200133 a 4500 | ||
|---|---|---|---|
| 001 | 4125 | ||
| 003 | CDMR | ||
| 005 | 20130116135252.0 | ||
| 008 | 130130s2004||||||||||||||||||||||||||||d | ||
| 040 |
_aCDMR _bcat _cCPC GIRONA |
||
| 245 | 0 |
_aAra fa 40 anys _b1963-2003 |
|
| 260 |
_c2004 _bAgrupació fotogràfica i cinematogràfica de Sant Feliu de Guíxols |
||
| 942 | _cMON | ||
| 999 |
_c4125 _d4125 |
||